000
00211 a2200097 4500
001
11926
100
_a
Kahin, G
245
_a
Major government of Asia
260
_a
_b
Cornell university
_c
090
_c
9180
_d
9180
942
_a
NUST-CAE
_c
M
_c
36023
999
_c
246999
_d
246999